osu! history quiz - Statistics

General Stats
  • This quiz has been taken 86 times
  • The average score is 11 of 20
Answer Stats
Hint Answer % Correct
What map did Cookiezi use to earn 727pp and the pp record on January 2nd, 2016? Blue Zenith
86%
What map at one point had a $3333 bounty on it? Yomi Yori
84%
Which player earnt the 2nd HR FC on RAISE MY SWORD by Sotarks? fieryrage
81%
Which player set the second 1k pp play in history? idke
75%
Which map did Badeu use to gain the pp record C-TYPE
66%
Which player set the first HD 1k? xootynator
66%
What map did Kalanluu play with EZHTFL to earn the pp record on August 5th, 2022 Because Maybe
60%
What player has 2 1k's on Plasma Gun+HDDT and Prima Stella+HDDT Ryuk
56%
What artist created the song The Big Black The Quick Brown Fox
56%
Which player has the title "The First Completionist" xasuma
53%
Who was the first ever rank 1 player peppy
49%
What was the first map that WhiteCat earnt an fc on after his unban in 2019 Union
49%
Which player held the pp record when ppv2 was released? hvick225
48%
Which player achieved rank 1 after earning a 3 mod fc on Chikatto Chika Chika Freddie Benson
47%
Map used by mrekk for his first pp record? Sunglow
42%
Which player has the most amount of reigns as Rank 1? chocomint
37%
Which player is the rank 1 Ukrainian player? dench
37%
What map was the first ranked 12 star in history? Xeroa
37%
Which map did mrekk use to get the first 10 star fc ChuChu Lovely
19%
Which players set the pp record with touchscreen? KuvsterFreedom Diver
8%
No matching quizzes found
Score Distribution
Percent of People with Each Score
Percentile by Number Answered
Your Score History
You have not taken this quiz